000 00887nam a2200253 i 4500
001 10222
003 ES-MaACL
005 20250522202951.0
007 t|
008 950322s1993 sp a |||| | spa d
020 _a84-264-2778-2
080 _a86-16"19"
100 1 _aGoytisolo, José Agustín,
_d1928-
_959420
245 1 0 _aNovísima oda a Barcelona
_b= Novíssima oda a Barcelona /
_cJosé Agustín Goytisolo ; prólogo = práoleg de Juan Ramón Masoliver ; ilustraciones = il-lustracions de Josep Guinovart.
246 3 1 _aNovíssima oda a Barcelona
250 _a1ª ed.
260 _aBarcelona :
_bLumen,
_c1993.
300 _a67, [10] p. :
_bil. ;
_c21 cm.
546 _aTexto en castellano y catalán.
700 1 _aMasoliver, Juan Ramón,
_d1910-1997
_978748
700 1 _aGuinovart, Josep.
_960869
852 _aES-MaACL
_jL-17660
999 _c10222
_d10222